Normal view
MARC view
- الوعظ والارشاد
Entry Topical Term
001 - CONTROL NUMBER
- control field: 35466
003 - CONTROL NUMBER IDENTIFIER
- control field: JO-AjAnu
005 - DATE AND TIME OF LATEST TRANSACTION
- control field: 20230606075930.0
008 - FIXED-LENGTH DATA ELEMENTS
- fixed length control field: 230606|| aca||aabn | a|a d
040 ## - CATALOGING SOURCE
- Original cataloging agency: JO-AjAnu
- Transcribing agency: JO-AjAnu
150 ## - HEADING--TOPICAL TERM
- Topical term or geographic name entry element: الوعظ والارشاد
670 ## - SOURCE DATA FOUND
- Source citation: Work cat.: (JO-AjAnu)18214: أبوعاصم، سيد بن محمود ؛ مراجعة وتقديم أمين بن حامد آل حميد, author 35465, الفتح الرباني في الخلق النوراني